000 00792cab a22001815a 4500
001 L144852
008 080813e2008 xxk 000 0 eng d
035 _a(Sirsi) u144852
041 0 _aeng
245 0 0 _aEnergy performance certificates
_blandlord and tenant guide
260 _c2008
490 _aAgreement
_v15(4) August 2008, 8-9(2)
520 _aArticle consists of sections taken from a new Association of Residential Letting Agents leaflet on Energy performance certificates (EPCs). Discusses the practical impacts of EPCs for residential landlords and provides a selection of frequently asked questions.
650 2 4 _aENERGY PERFORMANCE CERTIFICATES
651 4 _aUnited Kingdom
_y
690 _aENVIRONMENTAL AND LAND CONSULTANCY-ENERGY-ENERGY USE-ENERGY EFFICIENCY
942 _n0
999 _c80615
_d80615